=LDR 00000nam 2200000 4500 =001 INLIS000000000030164 =005 20200513092321 =035 ##$$a 0010-061300000030164 =008 200513################g##########0#ind## =041 ##$$a Ind =082 ##$$a 2x0.32 =090 ##$$a 2x0.32, Mer i =100 ##$$a Mernissi, Fatima =245 1#$$a Islam dan demokrasi : $b Antologi kekuatan /$c Fatima Mernissi; Penerjemah: Amiruddin Arrani =260 ##$$a Yogyakarta :$b Lembaga Kajian Islam dan Sosial,$c 1994 =300 ##$$a viii, 226 hlm ; $c 21 x 14 cm =650 #4$$a islam dan demokrasi =850 ##$$a NBPNMAT =020 ##$$a 979-8581-07-5 =084 ##$$a 2x0.32 MER i =500 ##$$a Indeks: halaman 226 =990 ##$$a 113.25 =990 ##$$a 113.625/pro.97